000 00387nam a22001697a 4500
005 20160614103623.0
008 160614b xxu||||| |||| 00| 0 eng d
020 _a81-7929-091-3
041 _aeng
082 _b7335
100 _aRowson, Pouline
_91834
245 _aSuccessful Marketing
260 _bInfuty books
_c2005
300 _a138
650 _aManagement
_9241
942 _cBK
999 _c2590
_d2589